| 000 | 004460000a22001690004500 | ||
|---|---|---|---|
| 003 | LK-CoMWRAF | ||
| 008 | 230817t ||||| |||| 00| 0 eng d | ||
| 040 |
_aLK-CoMWRAF _dLK-CoMWRAF _eLK-CoMWRAF |
||
| 041 | _aeng | ||
| 100 | _aQutab, Muhammad | ||
| 245 |
_aAdimaith Thanaththei Islam Angegariththatha? _b |
||
| 260 |
_bHindustan Publications _aChennai (India) _c1982 |
||
| 300 | _ap.70 | ||
| 650 | _aIslam | ||
| 650 | _aTamil Text | ||
| 942 | _cBK | ||
| 999 |
_c2344 _d2344 |
||